Normal view
MARC view
- Weiss, Robert S .
Entry Personal Name
001 - CONTROL NUMBER
- control field: 1635
003 - CONTROL NUMBER IDENTIFIER
- control field: OSt
005 - DATE AND TIME OF LATEST TRANSACTION
- control field: 20161006105702.0
008 - FIXED-LENGTH DATA ELEMENTS
- fixed length control field: 161006|| aca||aabn | a|a d
040 ## - CATALOGING SOURCE
- Original cataloging agency: OSt
- Transcribing agency: OSt
100 ## - HEADING--PERSONAL NAME
- Personal name: Weiss, Robert S .
670 ## - SOURCE DATA FOUND
- Source citation: Work cat.: (OSt)9133: Weiss, Robert S ., Statistics in Social Research / , 1968.
